000
00309nam a2200121Ia 4500
008
220204s9999 xx 000 0 und d
082
_a
631.53
_b
PRO;1
100
_a
PROCKTER, Noel J
245
0
_a
Simple propagation.
260
_a
New York
_b
Charles Seribner
_c
1976
650
_a
Plant propagation
942
_c
BK
999
_c
24908
_d
24908